[Event "GCT Finals 2025"]
[Site "Sao Paulo BRA"]
[Date "2025.09.28"]
[Round "1.1"]
[White "Praggnanandhaa, R."]
[Black "Vachier Lagrave, M."]
[Result "1/2-1/2"]
[WhiteElo "2785"]
[BlackElo "2738"]
[PlyCount "147"]
[EventDate "2025.09.28"]
[EventType "k.o."]

1. d4 d5 2. c4 e6 3. Nf3 Nf6 4. g3 Bd6 5. Bg2 O-O 6. O-O Nbd7 7. Qd3 $146 ({RR} 7. cxd5 exd5 8. Nc3 c6 9. Qc2 Re8 10. Re1 Nf8 11. e4 dxe4 12. Ng5 Bf5 13. Ngxe4 Nxe4 14. Bxe4 Bh3 15. Be3 Qd7 16. Qe2 f5 17. Qc4+ Kh8 18. Bf3 Rac8 19. Rad1 f4 20. Bd2 fxg3 21. hxg3 Qf5 {Maruschkin,L (1582)-Knipp,B (1594) Leverkusen 2002 0-1 (54)}) ({RR} 7. Nc3 dxc4 8. Bg5 ({RR} 8. a4 a5 9. Bg5 h6 10. Bxf6 Qxf6 11. Ne4 Qe7 12. Nfd2 Nb6 13. Qc2 Bd7 14. Nxc4 Nd5 15. Nexd6 Nb4 16. Qd2 cxd6 17. Nxa5 Rxa5 18. Qxb4 Rfa8 19. b3 Bc6 20. Rfc1 Qd7 21. Bxc6 bxc6 22. Qc3 R8a6) 8... e5 9. Rc1 h6 10. Bxf6 Qxf6 11. Ne4 Qe6 12. Qc2 Nb6 13. Nxd6 cxd6 14. dxe5 dxe5 15. Nd2 Rd8 16. Nxc4 Nxc4 17. Qxc4 Qxc4 18. Rxc4 Rd2 19. Rfc1 Be6 20. R4c2 Rad8 21. Bxb7 Bxa2 {Boruchovsky,A (2509)-Sarana,A (2661) Rhodes GRE 2025 ½-½ (33)}) ({RR} 7. Nc3 dxc4 8. e4 e5 9. d5 Nb6 10. h3 Bd7 11. Be3 c6 12. Nd2 cxd5 13. exd5 Rc8 14. Qe2 Bf5 15. Bxb6 Qxb6 16. Nxc4 Qa6 17. Nxd6 Bd3 18. Qxe5 Rxc3 19. bxc3 Bxf1 20. Bxf1 Qa5 21. c4 Qd2 {Dandeniya,D (1982)-Stevik,P (2316) chess.com INT 2026 1-0 (41)}) 7... b6 8. cxd5 exd5 9. Nc3 Bb7 10. Nh4 g6 11. Bg5 Be7 12. Rac1 Re8 13. Nf3 Ne4 14. Bf4 c5 15. Rfd1 Rc8 16. Qb1 Bf6 17. Nxe4 dxe4 18. Nd2 cxd4 19. Nxe4 Rxc1 20. Rxc1 Bxe4 21. Bxe4 Nc5 22. Bf3 d3 23. Rd1 a5 24. exd3 Bd4 25. Kg2 Qf6 26. Qc2 Bxb2 27. Bg5 Qxg5 28. Qxb2 Qd8 29. Qb5 Kg7 30. h4 h5 31. Qc4 Qd6 32. d4 Ne4 33. a4 Nf6 34. d5 Rd8 35. Qc6 Ng4 36. Re1 Qb4 37. Re4 Qd2 38. Re2 Qd4 39. Rc2 Ne5 40. Qc3 Nxf3 41. Kxf3 Rxd5 42. Qxd4+ Rxd4 43. Rc6 Rb4 44. Kg2 Kf8 45. f3 Ke7 46. Kh3 f6 47. Kg2 g5 48. Kh3 gxh4 49. g4 hxg4+ 50. fxg4 Kf7 51. Rd6 Ke7 52. Rc6 Rxa4 53. Rxb6 Rb4 54. Ra6 a4 55. Ra5 Rb3+ 56. Kxh4 a3 57. Ra6 Rf3 58. g5 fxg5+ 59. Kxg5 Kd7 60. Kg4 Rb3 61. Kf4 Kc7 62. Ke4 Kb7 63. Ra4 Rh3 64. Kd5 Rh5+ 65. Kd6 Rh6+ 66. Kc5 Ra6 67. Rb4+ Kc7 68. Rb1 Rc6+ 69. Kd4 Rb6 70. Ra1 a2 71. Rxa2 Rc6 72. Ra3 Kd6 73. Rc3 Rxc3 74. Kxc3 1/2-1/2

[Event "23rd ch-EUR Indiv 2023"]
[Site "Vrnjacka Banja SRB"]
[Date "2023.03.11"]
[Round "9.4"]
[White "Esipenko, Andrey"]
[Black "Bjerre, Jonas Buhl"]
[Result "1-0"]
[WhiteElo "2680"]
[BlackElo "2608"]
[PlyCount "145"]
[EventDate "2023.03.03"]

1. d4 Nf6 2. c4 e6 3. Nf3 d5 4. g3 c5 5. cxd5 exd5 6. Bg2 Nc6 7. O-O Be7 8. dxc5 Bxc5 9. a3 Ne4 10. Nfd2 O-O 11. Nxe4 dxe4 12. Qxd8 Rxd8 13. Bxe4 Bd4 14. Re1 $146 ({RR} 14. Kg2 Re8 15. Bf3 Ne5 16. Bd5 Rd8 17. Be4 f5 18. Bc2 Be6 19. Nc3 h6 20. Nb5 Bb6 21. Bf4 Rac8 22. Bb1 Nc4 23. Ba2 g5 24. Bc1 Kf7 25. Nc3 Bd4 26. Bxc4 Bxc4 27. Be3 Bxc3 28. bxc3 Bxe2 {Rendle,T (2378)-Li,H (2113) England ENG 2024 ½-½}) ({RR} 14. Nc3 Na5 15. Bf4 Nc4 16. Rac1 Re8 17. Bf3 Bh3 18. Nb5 Bxf1 19. Kxf1 Ne3+ 20. Bxe3 Bxe3 21. fxe3 Rxe3 22. b4 Kf8 23. Kf2 Re7 24. Nd6 Rb8 25. Rc8+ Rxc8 26. Nxc8 Rd7 27. Nxa7 f5 28. Nb5 g5 {Marn,J (2386)-Heldenbergh,N (2205) Palmanova ITA 2026 1-0 (45)}) 14... Re8 15. Nd2 Be6 16. Nf3 Bf6 17. Bg5 Bxb2 18. Rab1 Bxa3 19. Rxb7 Rac8 20. Be3 Bc4 21. Bf5 Be6 22. Bxe6 Rxe6 23. Bxa7 Re7 24. Rxe7 Nxe7 25. Be3 Nd5 26. Bd2 Bb4 27. Bxb4 Nxb4 28. Rd1 h6 29. g4 Re8 30. e3 Nc6 31. Rd5 Re4 32. h3 g6 33. Kg2 Kg7 34. Kg3 Ne7 35. Rb5 Ng8 36. Ne5 Kf6 37. Nf3 Kg7 38. h4 Nf6 39. Ne5 h5 40. g5 Ng4 41. Nf3 Ra4 42. Nd2 Kf8 43. Rc5 Ra1 44. Ne4 Ke7 45. Rb5 Rc1 46. Kf4 Rc4 47. Rb2 f5 48. gxf6+ Nxf6 49. Rb7+ Kf8 50. f3 Nd5+ 51. Kg5 Rc6 52. Rb3 Re6 53. Rd3 Ne7 54. Rd6 Re5+ 55. Kf6 Rf5+ 56. Ke6 Rxf3 57. Rd8+ Kg7 58. Rd7 Rxe3 59. Rxe7+ Kf8 60. Rf7+ Kg8 61. Rf4 Kg7 62. Ke5 Re1 63. Kd4 Rd1+ 64. Ke3 Re1+ 65. Kf2 Ra1 66. Ng5 Ra3 67. Ne6+ Kg8 68. Rf8+ Kh7 69. Rf7+ Kg8 70. Rg7+ Kh8 71. Rxg6 Rh3 72. Rh6+ Kg8 73. Rxh5 1-0

[Event "chess.com SpeedChess 2024"]
[Site "chess.com INT"]
[Date "2024.08.09"]
[Round "2.1"]
[White "Nakamura, Hi"]
[Black "Nepomniachtchi, I."]
[Result "0-1"]
[WhiteElo "2802"]
[BlackElo "2770"]
[PlyCount "146"]
[EventDate "2024.07.25"]
[EventType "k.o."]

1. Nf3 d5 2. d4 Nf6 3. c4 e6 4. e3 Be7 5. Bd3 O-O 6. O-O c5 7. dxc5 dxc4 8. Bxc4 Bxc5 9. a3 b6 10. b4 ({RR} 10. Qe2 Bb7 11. b4 Be7 12. Rd1 Nbd7 13. Bb2 a5 14. b5 Qc7 15. Nbd2 Rac8 16. Rac1 Qb8 17. Qe1 Rfd8 18. Be2 Nc5 19. Nc4 Bd5 20. Nfe5 Nfd7 21. Bf3 Nxe5 22. Bxe5 Qb7 23. Qe2 Nb3 24. Rc3 a4 {Nakamura,H (2802)-Nepomniachtchi,I (2770) chess.com INT 2024 0-1 (34)}) 10... Be7 $146 ({RR} 10... Bd6 11. Bb2 Qc7 12. Nbd2 Bb7 13. Rc1 Qe7 14. Bd3 Nbd7 15. Nc4 Bb8 16. Qe2 Nd5 17. g3 N5f6 18. e4 a5 19. bxa5 bxa5 20. e5 Nd5 21. Be4 Nc5 22. Bb1 g6 23. Nfd2 Ba6 24. Rfe1 Nb6 25. Qe3 {Mijovic,C (1961)-Ristic,M (2113) Serbia 2011 0-1 (44)}) 11. Bb2 Bb7 12. Qe2 a5 13. bxa5 Rxa5 14. Nbd2 Nbd7 15. Nb3 Rh5 16. Rfd1 Qb8 17. h3 Qa8 18. Nbd2 Rh6 19. Bd3 Nc5 20. Bc2 Na4 21. Bd4 Rc8 22. Rdc1 Nd5 23. Qe1 Nc5 24. Nc4 Ba6 25. Nfd2 Rd8 26. Rab1 Bf8 27. Nxb6 Nxb6 28. Rxb6 Nd3 29. Bxd3 Bxd3 30. Rb3 Rg6 31. f3 Bf5 32. Kh1 Rh6 33. Qf2 Qd5 34. Bc3 Bxh3 35. gxh3 Rxh3+ 36. Kg2 Qh5 37. Nf1 Rd5 38. f4 Qg4+ 39. Ng3 Rdh5 40. Be1 Rh2+ 41. Kf1 Rh1+ 42. Qg1 Rxg1+ 43. Kxg1 Rh3 44. Kg2 h5 45. Rc8 h4 46. Rbb8 Rxg3+ 47. Bxg3 Qxg3+ 48. Kh1 h3 49. Rxf8+ Kh7 50. Rh8+ Kg6 51. Rb2 Qxe3 52. Rhb8 Qxf4 53. R8b3 Qg4 54. Kh2 Qf4+ 55. Kxh3 f5 56. Kg2 Kf6 57. Re2 g5 58. Rbe3 Qc4 59. a4 g4 60. a5 Qd5+ 61. Kg1 Qxa5 62. Rxe6+ Kg5 63. Re1 Qc5+ 64. Kg2 Qd5+ 65. Kg1 Kh4 66. R6e2 f4 67. Re8 Kg3 68. R8e2 f3 69. Rh2 Qd4+ 70. Kh1 f2 71. Rg2+ Kf3 72. Rf1 g3 73. Rfxf2+ gxf2 0-1

[Event "Titled Tue 17th Feb 2026"]
[Site "chess.com INT"]
[Date "2026.02.17"]
[Round "10"]
[White "Erigaisi, Arjun"]
[Black "So, W."]
[Result "0-1"]
[WhiteElo "2775"]
[BlackElo "2753"]
[PlyCount "142"]
[EventDate "2026.02.17"]

1. d4 d5 2. c4 e6 3. Nf3 Nf6 4. e3 Be7 5. b3 O-O 6. Bb2 c5 7. dxc5 dxc4 8. Bxc4 Qxd1+ 9. Kxd1 Ne4 ({RR} 9... Bxc5 10. Ke2 Bd7 11. Rc1 Rc8 12. Bd3 Bc6 13. Ne5 Nbd7 14. Nxc6 Rxc6 15. Nd2 Rac8 16. a3 Bd6 17. Rxc6 Rxc6 18. Rc1 Rxc1 19. Bxc1 Kf8 20. g3 Nd5 21. Be4 Nc3+ 22. Kd3 Nxe4 23. Nxe4 Be7 24. a4 {Topalov,V (2798)-Anand,V (2804) Stavanger 2015 ½-½ (46)}) 10. Ke2 Nc6 11. Nbd2 Nxc5 12. Rac1 $146 ({RR} 12. Rhc1 Bd7 13. Nd4 Rfd8 14. Nxc6 Bxc6 15. Bd4 Rac8 16. a4 a6 17. a5 Kf8 18. Nf3 Nd7 19. Ne1 Bd6 20. Ra2 Ne5 21. Bxe5 Bxe5 22. Rac2 Bc7 23. b4 Bd6 24. Bxa6 Bxb4 25. Nd3 Bd6 26. Rxc6 Rxc6 {Markus,R (2553)-Michalik,P (2562) Berlin GER 2026 ½-½ (50)}) 12... Na5 13. Bb5 a6 14. Bd3 Nxd3 15. Kxd3 Rd8+ 16. Ke2 Bd7 17. Rhd1 f6 18. Bc3 Nc6 19. Nc4 Be8 20. Nd4 e5 21. Nxc6 Bxc6 22. f3 Kf7 23. Rxd8 Rxd8 24. e4 Ke6 25. a4 b5 26. axb5 Bxb5 27. Ba5 Rb8 28. Kd3 Bc5 29. Bc3 h5 30. Kc2 h4 31. Rd1 Rc8 32. Kb2 g6 33. h3 Be7 34. Ne3 Ba3+ 35. Kc2 Bc5 36. Nd5 f5 37. Kb2 Bc6 38. Nb4 Bb7 39. Nd3 fxe4 40. Nxe5 g5 41. fxe4 Bxe4 42. Nf3 Bxf3 43. gxf3 Ba3+ 44. Kxa3 Rxc3 45. Rf1 Kf5 46. Ka4 Kf4 47. b4 Rxf3 48. Rh1 Kg3 49. Rg1+ Kxh3 50. Rxg5 Rg3 51. Rh5 Rg6 52. Rc5 Kh2 53. Rc2+ Kg3 54. Rc3+ Kg4 55. Rc4+ Kh5 56. Rc5+ Rg5 57. Rc3 Rf5 58. Rd3 Kg4 59. Rd4+ Kg3 60. Rd3+ Kg4 61. Rd4+ Kg5 62. Rd3 Rf6 63. Ka5 Rh6 64. Rd5+ Kf4 65. Rd4+ Ke3 66. Rd1 h3 67. Rh1 h2 68. Rxh2 Rxh2 69. Kxa6 Kd4 70. b5 Kc5 71. b6 Rb2 0-1

[Event "Titled Tue 12th Dec Late"]
[Site "chess.com INT"]
[Date "2023.12.12"]
[Round "5"]
[White "Andreikin, D."]
[Black "Melkumyan, H."]
[Result "1/2-1/2"]
[WhiteElo "2729"]
[BlackElo "2640"]
[PlyCount "141"]
[EventDate "2023.12.12"]

1. d4 d5 2. c4 e6 3. Nf3 Nf6 4. Bg5 Be7 5. e3 Nbd7 6. Qc2 ({RR} 6. Be2 O-O 7. O-O c5 8. Nc3 h6 9. Bh4 dxc4 10. Bxc4 a6 11. a4 cxd4 12. exd4 Nb6 13. Bd3 Bd7 14. Ne5 Bc6 15. a5 Nbd5 16. Re1 Rc8 17. Bb1 Re8 18. Qc2 Kf8 19. Qb3 Nxc3 20. bxc3 Qd5 {Fedoseev,V (2664)-Martinovic,S (2537) Karlsruhe 2016 1-0 (44)}) 6... h6 ({RR} 6... O-O 7. Nbd2 Re8 8. Bd3 dxc4 9. Nxc4 c5 10. O-O h6 11. Bf4 b5 12. Nce5 c4 13. Be2 Bb7 14. Nxd7 Nxd7 15. a4 a6 16. Nd2 Rc8 17. axb5 axb5 18. Ne4 Nb6 19. Nc3 b4 20. Na4 c3 21. bxc3 {Kasymova,E (1275)-Abaeva,A (1116) Bishkek 2021 0-1 (37)}) 7. Bxf6 $146 ({RR} 7. Bh4 O-O 8. cxd5 Nxd5 9. Bxe7 {½-½ (9) Zeller,J (2165)-Von Gleich,A (2334) Germany 2019}) 7... Nxf6 8. Nc3 O-O 9. Rd1 c5 10. dxc5 Qa5 11. a3 dxc4 12. Bxc4 Qxc5 13. Ba2 b6 14. O-O Ba6 15. Rfe1 Rfd8 16. Qa4 Bb7 17. Rxd8+ Rxd8 18. Qxa7 Bxf3 19. gxf3 Rd2 20. Re2 Rd7 21. Qa8+ Bf8 22. f4 b5 23. Kg2 b4 24. axb4 Qxb4 25. Rc2 g6 26. Ne2 Qb7+ 27. Qxb7 Rxb7 28. Nd4 Ne4 29. Bc4 Bg7 30. b3 Bxd4 31. exd4 Nd6 32. Kf3 Kg7 33. Ke3 Kf6 34. Kd3 Nf5 35. Kc3 Ne7 36. Kd3 Kf5 37. Ke3 Nd5+ 38. Bxd5 exd5 39. Rb2 Rb4 40. h3 h5 41. Rb1 Ke6 42. Kd3 Kf5 43. Ke3 Ke6 44. Kd3 Kf5 45. Kc3 Rb5 46. b4 Kxf4 47. Ra1 Rb8 48. Ra5 Kf3 49. Rxd5 Kxf2 50. Rd7 f5 51. Rg7 f4 52. Rxg6 f3 53. Rg5 Ke2 54. Re5+ Kd1 55. Rxh5 f2 56. Rf5 Ke2 57. d5 f1=Q 58. Rxf1 Kxf1 59. Kc4 Rh8 60. d6 Rh4+ 61. Kc5 Rxh3 62. b5 Rc3+ 63. Kd5 Rd3+ 64. Kc6 Rc3+ 65. Kb7 Rd3 66. Kc7 Rc3+ 67. Kd8 Rb3 68. d7 Rxb5 69. Ke7 Rd5 70. Ke6 Rxd7 71. Kxd7 1/2-1/2

[Event "Titled Tue 7th Mar Early"]
[Site "chess.com INT"]
[Date "2023.03.07"]
[Round "6"]
[White "Matlakov, M."]
[Black "Bluebaum, M."]
[Result "1/2-1/2"]
[WhiteElo "2662"]
[BlackElo "2661"]
[PlyCount "141"]
[EventDate "2023.03.07"]

1. d4 d5 2. c4 e6 3. Nf3 Nf6 4. g3 Nc6 5. Bg2 Bd6 6. O-O O-O 7. Nbd2 a5 8. Qc2 Nb4 9. Qb1 c5 10. dxc5 ({RR} 10. e4 Be7 11. Rd1 cxd4 12. a3 Nc6 13. e5 Nd7 14. cxd5 exd5 15. Re1 Nc5 16. h4 g6 17. Qa2 a4 18. Nf1 Nb3 19. Bh6 Nxa1 20. Bxf8 Bxf8 21. Qxa1 Bf5 22. N1h2 Bg7 23. g4 Be4 24. e6 fxe6 {Stamatiou,R (2324)-Kassios,D (2148) Patras GRE 2026 0-1 (42)}) 10... Bxc5 11. b3 d4 $146 ({RR} 11... Qe7 12. Bb2 Rd8 13. Ne5 Nc6 14. Ndf3 Ne4 15. Nxc6 bxc6 16. Qc2 Bb7 17. e3 Rac8 18. Rfd1 f6 19. Rac1 e5 20. Nd2 Ng5 21. h4 Ne6 22. Nf3 Qf7 23. Qf5 Rc7 24. cxd5 cxd5 25. Ne1 g6 26. Qb1 {Povshednyi,I (2340)-Shimanov,A (2578) chess.com INT 2025 0-1 (57)}) 12. Bb2 Nc6 13. Ne4 Nxe4 14. Qxe4 f5 15. Qf4 Bd6 16. Qd2 e5 17. e3 Bb4 18. Qc1 Re8 19. exd4 e4 20. Ne1 Nxd4 21. Bxd4 Qxd4 22. Nc2 Qc5 23. Nxb4 axb4 24. Rd1 Be6 25. Qf4 Red8 26. g4 Rf8 27. gxf5 Rxf5 28. Qe3 Qxe3 29. fxe3 Rg5 30. Kh1 Bg4 31. Rd5 Rxd5 32. cxd5 Bf5 33. h4 g6 34. Kh2 Kf7 35. Kg3 Ra5 36. Kf4 Rxd5 37. Bxe4 Bxe4 38. Kxe4 Rh5 39. Rh1 Ke6 40. Kf3 g5 41. Rc1 Rxh4 42. Rc7 h5 43. Rxb7 Rh3+ 44. Ke4 Rg3 45. Rb6+ Kf7 46. Kf5 h4 47. Rb7+ Ke8 48. Rh7 h3 49. e4 Rg2 50. e5 h2 51. Kf6 Rf2+ 52. Kxg5 Rxa2 53. Kf6 Rf2+ 54. Ke6 Kd8 55. Kd6 Rd2+ 56. Kc5 Re2 57. Kxb4 Rxe5 58. Rxh2 Kc7 59. Rh6 Kb8 60. Ka4 Re8 61. b4 Re5 62. b5 Re1 63. Ka5 Re8 64. Ka6 Rf8 65. b6 Rg8 66. Rh7 Rf8 67. Rb7+ Ka8 68. Ra7+ Kb8 69. Rb7+ Ka8 70. Ra7+ Kb8 71. Rb7+ 1/2-1/2

[Event "FIDE Grand Swiss 2023"]
[Site "Douglas IOM"]
[Date "2023.11.03"]
[Round "9.23"]
[White "Sargsyan, Shant"]
[Black "Anton Guijarro, D."]
[Result "0-1"]
[WhiteElo "2631"]
[BlackElo "2653"]
[PlyCount "140"]
[EventDate "2023.10.25"]

1. d4 {Epishin,Vladimir} d5 2. c4 e6 3. Nf3 dxc4 4. Qa4+ Nd7 5. e4 c5 6. Bxc4 cxd4 7. O-O Bc5 8. b4 ({RR} 8. Na3 Ne7 9. b4 Bd6 10. Nb5 Bb8 11. Nbxd4 O-O 12. Qb3 Ne5 13. Be2 Nxf3+ 14. Nxf3 Ng6 15. Rd1 Qf6 16. Bb2 Qf4 17. Qc2 Nh4 18. e5 Nxf3+ 19. Bxf3 Bxe5 20. Bxe5 Qxe5 21. Rac1 a5) ({RR} 8. Nbd2 Ne7 9. e5 Ng6 10. Bd3 O-O 11. Bxg6 hxg6 12. Ne4 b6 13. Bg5 Qe8 14. b4 Bb7 15. Rfe1 Be7 16. Bxe7 Qxe7 17. Rad1 a5 18. Rxd4 Bd5 19. b5 Rfc8 20. Neg5 Qc5 21. Rh4 Bc4 22. Nd2 Qe7 {Sjugirov,S (2692)-Kadric,D (2558) Sharjah UAE 2024 ½-½ (61)}) 8... Bd6 9. Na3 $146 ({RR} 9. e5 Bb8 10. Bf4 Ne7 11. Nbd2 O-O 12. Rfe1 Nb6 ({RR} 12... a5 13. Bd3 b5 14. Bxb5 Nb6 15. Qb3 axb4) 13. Qb3 Nxc4 ({RR} 13... a5 14. b5 Ba7 15. Rad1 a4 16. Qc2 Nbd5 17. Bg5 h6 18. Bh4 Nc3 19. Rc1 Qd7) 14. Nxc4 b5 ({RR} 14... Qd5 15. Red1 b5 16. Nd6 Qxb3 17. axb3 Nd5 18. Bg3 Nxb4 19. Nxd4 a5) 15. Nd6 Bxd6 16. exd6 Nf5 17. Rad1 Bb7 18. Nxd4 Bd5 ({RR} 18... Nxd4 19. Rxd4 Bd5 20. Qb2 Rc8 21. Re3 f6 22. h3 Rc4) 19. Qxd5 exd5 20. Nxf5 Re8 ({RR} 20... h6 21. Ne7+ ({RR} 21. Rxd5 a5 22. d7 Ra7 23. Ne7+ Kh7 24. Nc6 Rxd7 25. Nxd8 Rxd5 26. Nc6 axb4 27. g3 Ra8 28. Rb1 Ra4 29. Be3) 21... Kh7 22. Rxd5 a5) 21. Ne7+ Kf8 22. Rxd5 Qd7 ({RR} 22... h6 23. Rxb5) 23. h3 a6 {Sakaev,K (2635)-Rublevsky,S (2685) St Petersburg 1998 CBM 067 [Epishin,Vladimir] 1-0 (34)} ({RR} 23... f6 24. Rc5 Rac8 25. Rec1)) 9... Bb8 10. Bg5 Ne7 11. Nxd4 h6 12. Bh4 g5 13. Bg3 Qb6 14. Bb5 O-O 15. Nf3 Bxg3 16. hxg3 Nf6 17. Nc4 Qc7 18. e5 Nfd5 19. Rac1 Ng6 20. Rfe1 Qe7 21. a3 Rd8 22. Nd6 Bd7 23. Bxd7 Qxd7 24. Qxd7 Rxd7 25. Ne4 Kg7 26. Nc5 Re7 27. Nd4 a5 28. b5 a4 29. Re4 Kh7 30. Ne2 Nb6 31. Rc3 Ra5 32. f4 Rxb5 33. Nxa4 Nd5 34. Rc8 Rb3 35. Nac3 Nxc3 36. Rxc3 Rb2 37. Nd4 Rd7 38. fxg5 hxg5 39. Nf3 Kh6 40. Kh2 Rb1 41. g4 Nf4 42. Rb4 Rxb4 43. axb4 Nd5 44. Rc8 Nxb4 45. Rh8+ Kg7 46. Rh5 Nd3 47. Rxg5+ Kf8 48. Rh5 Rd5 49. Rh8+ Kg7 50. Rb8 b5 51. Kg3 Nxe5 52. Ne1 Rc5 53. Nf3 Nd3 54. Nd4 b4 55. Kf3 Rc4 56. Ke3 Nc5 57. Rb5 Rc3+ 58. Kf4 b3 59. Ne2 Rc2 60. Nd4 Rc4 61. Ke3 Rc3+ 62. Ke2 f6 63. Nf3 Kg6 64. Nd4 Kf7 65. Nc6 Na4 66. Rb7+ Kg6 67. Nd4 b2 68. Nxe6 Rc1 69. Nf8+ Kg5 70. Rg7+ Kf4 0-1

[Event "Bundesliga 2023-24"]
[Site "Viernheim GER"]
[Date "2024.02.25"]
[Round "11.4"]
[White "Abasov, N."]
[Black "Nakamura, Hi"]
[Result "0-1"]
[WhiteElo "2679"]
[BlackElo "2780"]
[PlyCount "138"]
[EventDate "2023.10.21"]
[WhiteTeam "SC Oetigheim"]
[BlackTeam "SC Viernheim"]

1. d4 d5 2. c4 e6 3. Nf3 a6 4. Bg5 Be7 5. Bxe7 Qxe7 6. Nbd2 Nf6 7. g3 c5 ({RR} 7... dxc4 8. Nxc4 b5 9. Na5 Qb4+ 10. Qd2 Qa4 11. a3 Ne4 12. Qb4 Qxb4+ 13. axb4 Nf6 14. Bg2 Nd5 15. Ne5 f6 16. Bxd5 exd5 17. Nd3 c6 18. Rc1 Kd7 19. f3 Re8 20. h4 Kc7 21. Nf4 Kd6 22. g4 {Lenderman,A (2570)-Andreikin,D (2729) chess.com INT 2022 0-1 (76)}) 8. dxc5 ({RR} 8. cxd5 cxd4 9. dxe6 Bxe6 10. Nxd4 Bd5 11. N4f3 Qb4 12. Qc2 Bxf3 13. a3 Qa5 14. exf3 Nc6 15. Qc3 O-O-O 16. Qxa5 Nxa5 17. O-O-O Nc6 18. Bh3+ Kc7 19. Nc4 b5 20. Ne3 Ne5 21. Bg2 Nd3+ 22. Kc2 Nxf2 {Qiu,L (2122)-Amanzhol,K (1827) Montesilvano ITA 2026 ½-½ (101)}) 8... O-O 9. Bg2 d4 $146 ({RR} 9... Qxc5 10. cxd5 Nxd5 11. O-O Nc6 12. Rc1 Qe7 13. a3 Rd8 14. Qc2 Bd7 15. e4 Nc7 16. Rfd1 e5 17. Nc4 Bg4 18. Ne3 Rxd1+ 19. Qxd1 Rd8 20. Qe1 Be6 21. Bf1 Nd4 22. Nxe5 f6 23. Qb4 Qxb4 24. axb4 {Chan,S (2082)-Fava,L (2281) Peterborough ENG 2024 ½-½ (41)}) 10. Nxd4 Rd8 11. N4b3 a5 12. a4 Nfd7 13. O-O Nxc5 14. Nxc5 Qxc5 15. Ne4 Qc7 16. Qc2 Na6 17. Rfd1 Bd7 18. Ng5 f5 19. e4 h6 20. Nf3 fxe4 21. Qxe4 Nc5 22. Qc2 Bc6 23. Re1 Bxf3 24. Bxf3 Rd4 25. Rad1 Rad8 26. Rxd4 Rxd4 27. Re3 Qd7 28. Bh5 Rd3 29. Qe2 b6 30. Bg6 Rxe3 31. Qxe3 Qd1+ 32. Kg2 Qg4 33. Bd3 Qd1 34. Be2 Qxa4 35. Qe5 Kh7 36. Qd6 Qb3 37. Qd2 e5 38. Bg4 Qxc4 39. Bf5+ g6 40. Bb1 Qd4 41. Qe2 e4 42. h4 h5 43. f3 e3 44. f4 Qd2 45. Kf3 Nb3 46. Qxe3 Nd4+ 47. Ke4 Qxb2 48. Kd5 Nf5 49. Bxf5 Qb5+ 50. Kd6 Qxf5 51. Qe7+ Kg8 52. Qe5 Qf8+ 53. Kc6 Qc5+ 54. Kd7 a4 55. g4 hxg4 56. h5 Qf8 57. hxg6 Qg7+ 58. Kd8 Qxg6 59. f5 Qg5+ 60. Ke8 g3 61. Qe6+ Kh7 62. f6 g2 63. f7 Qb5+ 64. Kd8 g1=Q 65. f8=Q Qd4+ 66. Kc7 Qbc5+ 67. Qxc5 Qxc5+ 68. Kb7 a3 69. Qf6 b5 0-1

[Event "1st 3-0 Thursday Nov 13th 2025"]
[Site "chess.com INT"]
[Date "2025.11.13"]
[Round "6"]
[White "Sarana, A."]
[Black "Anton Guijarro, D."]
[Result "1-0"]
[WhiteElo "2675"]
[BlackElo "2648"]
[PlyCount "137"]
[EventDate "2025.11.13"]

1. d4 d5 2. c4 e6 3. Nf3 c6 4. g3 Nf6 5. Bg2 Be7 6. O-O O-O 7. Qc2 b6 8. Nbd2 c5 9. dxc5 bxc5 10. e4 Nc6 11. exd5 ({RR} 11. a3 d4 12. e5 Nd7 13. Re1 Bb7 14. Nb3 a5 15. Bf4 h6 16. h4 Qb6 17. Nc1 a4 18. Nh2 Na5 19. Qxa4 Bxg2 20. Kxg2 Qb7+ 21. Kg1 Nb6 22. Qb5 Nbxc4 23. Qxb7 Nxb7 24. Nd3 Nba5 25. b4 Nb3 {Sarana,A (2668)-Ismagilov,D (2156) chess.com INT 2023 1-0 (88)}) 11... exd5 12. cxd5 Nxd5 13. Ne4 ({RR} 13. a3 Be6 14. Rd1 h6 15. Nc4 Qc7 16. Ne3 Rfd8 17. Nxd5 Bxd5 18. Be3 Rac8 19. Rac1 Qb8 20. Qe2 {½-½ (20) Soderstrom,A (2395)-Sorensen,H (2437) Sweden SWE 2026}) 13... Bg4 $146 ({RR} 13... Ncb4 14. Qd2 Ba6 15. Rd1 Bd3 16. Nc3 c4 17. Ne1 Rc8 18. Nxd5 Nxd5 19. Nxd3 cxd3 20. Qxd3 Nb6 21. Qxd8 Rfxd8 22. Be3 Bf6 23. Rxd8+ Rxd8 24. Rb1 g6 25. b3 Rc8 26. a4 Bc3 27. Rc1 Bb4 28. Rxc8+ {Mayank,C (2457)-Oparin,G (2660) chess.com INT 2025 1-0 (60)}) 14. Neg5 g6 15. Qe4 Bf5 16. Qh4 h5 17. Rd1 Bg4 18. h3 Bxf3 19. Bxf3 Nd4 20. Kg2 Nxf3 21. Kxf3 Qd7 22. Qe4 Rad8 23. Bf4 Rfe8 24. Rxd5 Qxd5 25. Qxd5 Rxd5 26. Ne4 f5 27. Nc3 Rd3+ 28. Ke2 Rd7 29. Kf1 Bf6 30. Na4 c4 31. Rc1 g5 32. Be3 h4 33. gxh4 f4 34. Bc5 Re4 35. hxg5 Bxg5 36. f3 Re6 37. Rc2 Bh4 38. Bf2 Bxf2 39. Kxf2 Rd4 40. Nc5 Rh6 41. Kg2 Kf7 42. Ne4 Ke6 43. b3 cxb3 44. axb3 Kd7 45. Nc5+ Kd8 46. Ra2 Rg6+ 47. Kf2 Rd5 48. Ne4 a6 49. h4 Rb6 50. Ra3 Rd3 51. Nc5 Rd2+ 52. Ke1 Rh2 53. Ra4 Rg6 54. Kf1 Rh1+ 55. Ke2 Rh2+ 56. Kd3 Rxh4 57. Rd4+ Kc8 58. Rc4 Rc6 59. b4 Kc7 60. Re4 Kb6 61. Re7 Rxc5 62. bxc5+ Kxc5 63. Re5+ Kd6 64. Re8 Rh5 65. Ke4 Kc5 66. Rc8+ Kd6 67. Rc1 Re5+ 68. Kxf4 Rd5 69. Rb1 1-0

[Event "FIDE Chess.com Grand Swiss"]
[Site "Douglas"]
[Date "2019.10.19"]
[Round "9"]
[White "Rakhmanov, Alexander"]
[Black "Ragger, Markus"]
[Result "1-0"]
[WhiteElo "2621"]
[BlackElo "2684"]
[PlyCount "137"]
[EventDate "2019.10.10"]
[EventType "swiss"]
[EventRounds "11"]
[EventCountry "IOM"]
[SourceTitle "CBM 193"]
[Source "ChessBase"]
[SourceDate "2019.12.31"]
[SourceVersion "1"]
[SourceVersionDate "2019.12.31"]
[SourceQuality "1"]

1. d4 Nf6 2. Nf3 d5 3. c4 e6 4. Qc2 dxc4 5. e3 c5 6. Bxc4 Nc6 ({RR} 6... cxd4 7. Nxd4 Be7 8. O-O O-O 9. Rd1 Qc7 10. Bd3 Qxc2 11. Bxc2 Bd7 12. Nc3 Nc6 13. Nxc6 Bxc6 14. e4 Bb4 15. f3 Bxc3 16. bxc3 Nd7 17. Be3 Rfc8 18. Bb3 Kf8 19. a4 a5 20. Rd6 Ke8 21. Rad1 {Odegov,A (2244)-Matlakov,M (2606) Sochi RUS 2025 0-1 (73)}) 7. dxc5 Bxc5 8. O-O Qe7 $146 ({RR} 8... Be7 9. Rd1 Bd7 10. Nc3 a6 11. a3 O-O 12. b4 b5 13. Be2 Qc7 14. Bb2 Rac8 15. Rac1 Bd6 16. Ne4 Nxe4 17. Qxe4 f5 18. Qh4 Be7 19. Qh3 Qb8 20. Rxd7 Bf6 21. Ng5 h6 22. Bxf6 Rxf6 23. Nf3 {Bussoli,S (1672)-Heyne,E Senigallia 1996 1-0 (39)}) 9. e4 Nd7 10. Nc3 O-O 11. Bf4 Nd4 12. Nxd4 Bxd4 13. Rad1 Bc5 14. e5 Bb6 15. Ne4 Bc7 16. Ng5 g6 17. Nf3 Qc5 18. Qe2 Nb6 19. Bb3 Nd5 20. Bh6 Re8 21. Rc1 Qe7 22. Bg5 Qd7 23. Qc4 b5 24. Qh4 Bb7 25. Bxd5 Bxd5 26. Bf6 h5 27. Qf4 Kh7 28. Ng5+ Kg8 29. Nf3 Kh7 30. Ng5+ Kg8 31. Ne4 Kh7 32. Nc5 Qc8 33. Na6 Qxa6 34. Rxc7 Rf8 35. Be7 Rg8 36. Bg5 Raf8 37. Rxf7+ Rxf7 38. Qxf7+ Rg7 39. Qf8 Qb7 40. Rc1 Qf7 41. Qd8 Qd7 42. Qf8 Qf7 43. Qc5 Qb7 44. Bf6 Rf7 45. h4 Kg8 46. Kh2 Bxa2 47. Qc2 Bd5 48. Qxg6+ Kf8 49. Qh6+ Ke8 50. Qh8+ Rf8 51. Qxh5+ Qf7 52. Rc8+ Kd7 53. Qxf7+ Rxf7 54. Rc5 Bc4 55. g4 a5 56. h5 Rh7 57. Kg3 a4 58. Kf4 Bd3 59. Ke3 Bf1 60. f3 Bc4 61. Kd2 Bd5 62. Rxb5 Bxf3 63. Rb4 Kc6 64. Rxa4 Rb7 65. Kc3 Bd5 66. Rb4 Rh7 67. Kd4 Bf3 68. Ke3 Bd1 69. Rd4 1-0

[Event "Titled Tue 29th Nov Late"]
[Site "chess.com INT"]
[Date "2022.11.29"]
[Round "8"]
[White "Deac, Bogdan-Daniel"]
[Black "Sadhwani, Raunak"]
[Result "1-0"]
[WhiteElo "2700"]
[BlackElo "2628"]
[PlyCount "137"]
[EventDate "2022.11.29"]

1. d4 Nf6 2. Nf3 e6 3. e3 d5 4. c4 Bd6 5. Nc3 O-O 6. b3 b6 7. Bb2 Bb7 8. cxd5 exd5 9. g3 ({RR} 9. Bd3 a6 10. Qc2 Re8 11. O-O Nbd7 12. a4 Ne4 13. Ba3 Bxa3 14. Rxa3 Rc8 15. Qb2 c5 16. b4 c4 17. Bb1 f5 18. b5 a5 19. Ne2 g5 20. Rc1 Qf6 21. Nd2 Re6 22. Nf1 Rce8 23. f3 Nd6 {Indjic,A (2622)-Altini,N (2360) chess.com INT 2026 1-0 (58)}) 9... Nbd7 10. Bg2 Ba6 11. a3 $146 ({RR} 11. Bf1 Bxf1 12. Kxf1 c6 13. Kg2 Re8 14. Rc1 Rc8 15. Re1 Qe7 16. Ne2 Ne4 17. Nf4 Ndf6 18. Nd3 Ng4 19. Nfe5 Nxe5 20. dxe5 Bb8 21. f3 Ng5 22. h4 Ne6 23. f4 g6 24. Nf2 h5 25. g4 Ng7 {Suarez Gomez,J (2449)-Sarana,A (2640) Chess.com INT 2021 1-0 (39)}) 11... Re8 12. Ne2 c5 13. O-O Rc8 14. Re1 c4 15. bxc4 Bxc4 16. Nd2 Ba6 17. Nc3 Bb7 18. Qb3 Ne4 19. Ndxe4 dxe4 20. a4 a6 21. Ba3 Bxa3 22. Rxa3 Nf6 23. Rb1 Re6 24. Bh3 Rxc3 25. Qxc3 Rc6 26. Qb2 Qc7 27. Raa1 Nd5 28. Rc1 Nc3 29. Bf1 h5 30. d5 Nxd5 31. Rxc6 Qxc6 32. Qe5 Nf6 33. Rd1 Qc8 34. Qe7 Kh7 35. Rd8 Qc6 36. Qxf7 Bc8 37. Qc4 Qxc4 38. Bxc4 Bd7 39. Bxa6 Bxa4 40. Rb8 Nd7 41. Rb7 Bc6 42. Rc7 Ba4 43. Bb7 Nc5 44. Bc6 Bc2 45. Rc8 Nb3 46. Bd5 Nc5 47. Rb8 Nd7 48. Rb7 Ne5 49. Rxb6 Nf3+ 50. Kh1 h4 51. gxh4 Nxh4 52. Rb4 Kh6 53. Bxe4 Bd1 54. Kg1 g6 55. Rb6 Kg5 56. f4+ Kg4 57. Kf2 Kh3 58. Rb8 Bh5 59. Rh8 Kg4 60. Rh6 Kh3 61. Rh8 Kg4 62. Bg2 Nf5 63. h3+ Kh4 64. Bf3 Ng3 65. Bxh5 Nxh5 66. Kf3 Kxh3 67. f5 Kh4 68. fxg6 Kg5 69. Rxh5+ 1-0